Logistics Support Training Design & Development (Record no. 24646)
[ view plain ]
| 000 -LEADER | |
|---|---|
| fixed length control field | 00333nam a22000857a 4500 |
| 003 - CONTROL NUMBER IDENTIFIER | |
| control field | NUST |
| 005 - DATE AND TIME OF LATEST TRANSACTION | |
| control field | 20170530124955.0 |
| 008 - FIXED-LENGTH DATA ELEMENTS--GENERAL INFORMATION | |
| fixed length control field | 140618b xxu||||| |||| 00| 0 eng d |
| 010 ## - LIBRARY OF CONGRESS CONTROL NUMBER | |
| LC control number | 928805 |
| 020 ## - INTERNATIONAL STANDARD BOOK NUMBER | |
| Terms of availability | Available |
| International Standard Book Number | 0070038430 |
| 040 ## - CATALOGING SOURCE | |
| Original cataloging agency | DLC |
| Language of cataloging | DLC |
| Transcribing agency | RCMS |
| 082 ## - DEWEY DECIMAL CLASSIFICATION NUMBER | |
| Classification number | 355.41107073 BAR |
| 100 ## - MAIN ENTRY--PERSONAL NAME | |
| Personal name | Teddy A Barnes |
| 9 (RLIN) | 1626 |
| 245 ## - TITLE STATEMENT | |
| Title | Logistics Support Training Design & Development |
| Statement of responsibility, etc. | Barnes .A |
| 260 ## - PUBLICATION, DISTRIBUTION, ETC. | |
| Place of publication, distribution, etc. | USA |
| Name of publisher, distributor, etc. | McGraw-Hill |
| Date of publication, distribution, etc. | c1992 |
| 300 ## - PHYSICAL DESCRIPTION | |
| Extent | xiv,328,p: |
| Other physical details | ill: |
| Dimensions | 22,cm. |
| 500 ## - GENERAL NOTE | |
| General note | includes index |
| 538 ## - SYSTEM DETAILS NOTE | |
| Display text | Shelf No 1 Row No 2 |
| 650 ## - SUBJECT ADDED ENTRY--TOPICAL TERM | |
| Topical term or geographic name entry element | 1.United States--- Armed Force ---- Equipment --- Maintenance and repair ---- Study and teaching 2. Military education ------ United States |
| 9 (RLIN) | 1627 |
| 856 ## - ELECTRONIC LOCATION AND ACCESS | |
| Materials specified | Table of Content Only |
| 942 ## - ADDED ENTRY ELEMENTS (KOHA) | |
| Source of classification or shelving scheme | |
| Koha item type | Book |
| Withdrawn status | Lost status | Source of classification or shelving scheme | Damaged status | Not for loan | Permanent Location | Current Location | Shelving location | Date acquired | Total Checkouts | Barcode | Date last seen | Date last checked out | Price effective from | Koha item type |
|---|---|---|---|---|---|---|---|---|---|---|---|---|---|---|
| Central Library (CL) | Central Library (CL) | General Stacks | 06/18/2014 | 1 | RCMS002507 | 05/27/2015 | 05/27/2015 | 06/18/2014 | Book |
